000 00927nam a22003257a 4500
001 BR2011000982
003 BR-BrBNA
005 20230928103615.0
007 ta
008 230509b bl.||||| |||| 00| 0 por d
040 _aBR-BrBNA
_bpor
_cBiblioteca Nacional de Agricultura
041 _a(Por)
072 _aE16
090 _ E16 BR2011000982
110 1 _aFundação MS para Pesquisa e Difusão de Tecnologias Agropecuárias, Maracaju, MS (Brasil)
_94993
245 1 _aTecnologia e produção milho safrinha e culturas de inverno 2009
260 3 _aMaracaju, MS (Brasil):
_c2009.
300 _a120 p.
500 _a5 ref.; 66 illus.; 116 tables
650 _aMILHO
650 _aTRIGO
650 _aPRODUÇÃO
650 _aSAFRINHA
650 _aSEMEADURA
650 _aPRODUTIVIDADE
650 _aPASTAGEM CONSORCIADA
650 _aFUNGICIDA
909 _a202309
_bLucia
_c55
_dLucia Elande
942 _cBK
999 _c75789
_d75789